Personnages phares de jeux Nintendo Switch - Statistiques

Statistiques générales
  • Ce quiz a été pris 487 fois
  • Le résultat moyen est 9 sur 14
Statistiques - réponses
Par images Réponse % Correct
Mario
100%
Sonic
100%
Détective Pikachu
98%
Link
95%
Rayman
80%
Steve
73%
Crash Bandicoot
69%
Tom Nook
68%
Samus
61%
Dialga
60%
Capitaine Olimar
45%
Joker / Arsene
35%
John Marston
8%
Liu Kang
6%
Aucun quiz correspondant
Distribution des résultats
% des personnes avec chaque résultat
Percentile par nombre de réponses
Votre historique - résultats
Vous n’avez pas pris ce quiz